| 000 | 00763nas a2200253 4500 | ||
|---|---|---|---|
| 001 | BR9502403 | ||
| 003 | BR-BrBNA | ||
| 005 | 20231205094324.0 | ||
| 007 | ta | ||
| 008 | 230509b bl.|||p| |||| 00| 00por d | ||
| 040 |
_aBR-BrBNA _bpor _cBiblioteca Nacional de Agricultura |
||
| 041 | _a(Pt) | ||
| 072 | _aH10 | ||
| 100 | 1 | _aFuriatti, R.S. | |
| 100 | 1 | _aAlmeida, A.A. de | |
| 245 | 1 | _aRelacao entre os afideos Myzus persicae E Macrosiphum euphorbiae com o ciclo de batata | |
| 650 | _aBatata | ||
| 650 | _aAfidio | ||
| 650 | _aVariedade | ||
| 650 | _aDinamica Populacional | ||
| 773 | 0 |
_tHorticultura Brasileira (Brazil) _xISSN 0102-0536 _g(Nov 1992), v. 10(2) p. 112-113 _wBR9502403 |
|
| 909 |
_a202311 _bLúcia _c55 _dLúcia Elande |
||
| 942 |
_2AGRIS _n0 _cANA |
||
| 999 |
_c143568 _d143568 |
||